| 000 | 01354nam a2200265Ia 4500 | ||
|---|---|---|---|
| 003 | Ost | ||
| 005 | 20260507075000.0 | ||
| 008 | 260507s9999||||xx |||||||||||||| ||und|| | ||
| 020 | _a9957063510 | ||
| 040 | _cfsecg | ||
| 041 | _aara | ||
| 082 | _a350 | ||
| 100 |
_aالعزاوي، نجم _eمؤلف |
||
| 245 | 0 |
_aادارة البيئة : _bنظم ومتطلبات وتطبيقات 14000 ISO / _c نجم العزاوي |
|
| 260 |
_aعمان: _bدار المسيرة للنشر والتوزيع, _c2007 |
||
| 300 |
_a248 صفحة؛ _bإيضاحات ؛ _c25 سم |
||
| 504 | _aببلوغرافيا:ص.203-211 ،الملاحق:ص.215-248 | ||
| 520 | _aالادارة،البيئة والتلوث،نظم الادارة البيئية والمواصفة 14000 ISO ،متطلبات إنشاء نظام الادارة البيئية وفقا للمواصفة البيئية 14000 ISO ،العوامل البيئية المؤثرة واستراتيجيات المواجهة ودور الفرد،حالة دراسية،خطوات بناء نظام الادارة البيئية للحالة الدارسية | ||
| 653 | _aالإدارة | ||
| 653 | _aالبيئة | ||
| 653 | _aالمواصفات القياسية | ||
| 653 | _aتلوث البيئة | ||
| 700 |
_aالنقار، حكمت عبد الله _eمؤلف ثانوي |
||
| 942 | _cكتاب | ||
| 999 |
_c42067 _d42067 |
||